00311nam a2200121Ia 4500008004100000020002200041041000800063082002200071100001600093245002100109260005100130300000800181230519s9999 xx 000 0 und d a978-93-89261-95-0 aeng aEN/420/SHA/DB0834 aSharma Liza aEnglish 4 Nurses bCBS Publishers & DistributorsaNew Delhic2020 a446